Selected stories of Rabindranath Tagore / (Record no. 131180)

MARC details
000 -LEADER
fixed length control field 00683nam a22002297a 4500
005 - DATE AND TIME OF LATEST TRANSACTION
control field 20170124110123.0
010 ## - LIBRARY OF CONGRESS CONTROL NUMBER
LC control number B-166340
020 ## - INTERNATIONAL STANDARD BOOK NUMBER
Terms of availability 200.00
International Standard Book Number 8188322482
035 ## - SYSTEM CONTROL NUMBER
System control number B-166340
037 ## - SOURCE OF ACQUISITION
Source of stock number/acquisition Cen Lib/Ret
040 ## - CATALOGING SOURCE
Original cataloging agency DPL
Language of cataloging EN
082 ## - DEWEY DECIMAL CLASSIFICATION NUMBER
Classification number S
Item number SEL
245 ## - TITLE STATEMENT
Title Selected stories of Rabindranath Tagore /
Statement of responsibility, etc translated by Purnima Mazumdar
246 ## - VARYING FORM OF TITLE
Remainder of title
260 ## - PUBLICATION, DISTRIBUTION, ETC. (IMPRINT)
Name of publisher, distributor, etc Ocean Books
Date of publication, distribution, etc 2004
Place of publication, distribution, etc New Delhi
270 ## - ADDRESS
Address 4/19, Asaf Ali Road
City New Delhi
Postal code 110002
300 ## - PHYSICAL DESCRIPTION
Extent 147p.
Dimensions 21cm(Hb)
650 ## - SUBJECT ADDED ENTRY--TOPICAL TERM
Topical term or geographic name as entry element Short stories, Bengali -- Translations into English
9 (RLIN) 31069
650 ## - SUBJECT ADDED ENTRY--TOPICAL TERM
Topical term or geographic name as entry element Short stories, Bengali
9 (RLIN) 31070
700 ## - ADDED ENTRY--PERSONAL NAME
Personal name Mazumdar, Purnima
9 (RLIN) 31071
942 ## - ADDED ENTRY ELEMENTS (KOHA)
Source of classification or shelving scheme Dewey Decimal Classification
Koha item type English Books
Classification part S
Call number suffix SEL
Holdings
Withdrawn status Lost status Damaged status Not for loan Home library Current library Date acquired Source of acquisition Cost, normal purchase price Total Checkouts Full call number Barcode Date last seen Date checked out Copy number Cost, replacement price Price effective from Koha item type
        Central Library Central Library 13/07/2015 Cen Lib/Ret 200.00 1 S SEL B-166340 23/11/2017 07/11/2017 1 200.00 13/07/2015 English Books

© Delhi Public Library
Hit Counter
free hit counter